|
|
|
|
| LEADER |
00977nam a2200265 i 4500 |
| 001 |
1593 |
| 003 |
BD-DhAAL |
| 005 |
20130908121259.0 |
| 008 |
130908s1975 maua b 001 0 eng d |
| 010 |
|
|
|a 75011275
|
| 020 |
|
|
|a 0878720642
|
| 040 |
|
|
|a DLC
|c DLC
|d DLC
|d BD-DhAAL
|
| 050 |
0 |
0 |
|a H61
|b .D95
|
| 082 |
0 |
0 |
|a 300
|
| 100 |
1 |
|
|a Dye, Thomas R.
|9 2956
|
| 245 |
1 |
0 |
|a Power and society :
|b an introduction to the social sciences /
|c by Thomas R. Dye, with the assistance of Susan A. MacManus.
|
| 260 |
|
|
|a North Scituate, Mass. :
|b Duxbury Press,
|c c1975.
|
| 300 |
|
|
|a xiii, 466 p. :
|b ill. ;
|c 24 cm.
|
| 504 |
|
|
|a Includes bibliographies and index.
|
| 541 |
|
|
|e 1593
|
| 650 |
|
0 |
|a Social sciences.
|9 2957
|
| 700 |
1 |
|
|a MacManus, Susan A.,
|e joint author.
|9 2958
|
| 942 |
|
|
|2 ddc
|c BK
|
| 999 |
|
|
|c 13938
|d 13938
|
| 952 |
|
|
|0 0
|1 0
|2 ddc
|4 0
|6 300_000000000000000_DYE
|7 0
|9 23335
|a BRACUL
|b BRACUL
|c GEN
|d 2013-09-08
|g 0.00
|l 0
|o 300 DYE
|p 3010001593
|r 2013-09-08
|t 1
|w 2013-09-08
|y BK
|z Not price in Register
|